| 000 | 00755cab a22002055a 4500 | ||
|---|---|---|---|
| 001 | L159070 | ||
| 008 | 160106e20151212xxk 000 0 eng d | ||
| 035 | _a(Sirsi) u159070 | ||
| 041 | 0 | _aeng | |
| 100 | 1 | _aKenwright, Jonathan | |
| 245 | 0 | 0 | _aConsenting adults |
| 260 | _c2015 | ||
| 490 |
_aEstates Gazette _v(1549) 12 December 2015 |
||
| 520 | _aCase study on obtaining consent for development where a restrictive covenant applies. Gives information including the party required to give consent and their identification and the alternative remedies that exist if one party doesn't agree to the proposed works. | ||
| 590 | _aKA | ||
| 651 | 4 | _aUnited Kingdom | |
| 690 |
_aPlanning and development _96259 |
||
| 700 | 1 | _aFrancis, Andrew | |
| 942 | _n0 | ||
| 999 |
_c84791 _d84791 |
||